000 00412cam a2200169ua 4500
001 5386
005 20260515113856.0
008 120901n ii |||gr||||Z||||||eng
040 _cMAIN
082 _a004.978
100 _aBorah, Devo Jyoti,
_eAuthor,
245 1 0 _aNetor oliye goliye
_cby Devo Jyoti Borah
250 _a1st.
260 _aJorhat:
_bUnika Prakashan,
_c2008.
300 _a78p:
_c25cm.
942 _cBK
999 _c4563
_d4563